Kalibrácia kamery SONY alpha 7R III pre fotogrametrické účely

Saved in:
Bibliographic Details
Main Author: Chovanec, Martin (Author)
Other Authors: Marčiš, Marián (Thesis advisor)
Format: Manuscript Book
Language:Slovak
Published: 2023
Subjects:
Online Access:http://is.stuba.sk/zp/portal_zp.pl?podrobnosti=170355
https://opac.crzp.sk/?fn=detailBiblioForm&sid=C0DEB8E07572332BAC220815805F
Tags: Add Tag
No Tags, Be the first to tag this record!

MARC

LEADER 00000ntm a22000003a 4500
001 stuzp93831
003 SK-STU
005 20230918154325.4
007 ta
008 150427s2015----xo-----f-mn---000-0-slo-d
040 |a STU  |b slo 
041 0 |a slo 
100 1 |a Chovanec, Martin  |u 010140  |4 aut  |U SvF Stavebná fakulta  |T SvF Katedra geodézie  |X 97706  |U V140  |Y 14  |7 97706 
242 0 1 |a Calibration of the SONY alpha 7R III camera for photogrammetric purposes  |y eng 
245 1 0 |a Kalibrácia kamery SONY alpha 7R III pre fotogrametrické účely 
260 |c 2023 
650 4 |a parametre vnútornej orientácie  |2 slo 
650 4 |a kamera SONY alpha 7R III  |2 slo 
650 4 |a stabilizácia obrazu  |2 slo 
650 4 |a 5-osá stabilizácia  |2 slo 
650 4 |a kalibrácia kamery  |2 slo 
650 4 |a PhotoModeler  |2 slo 
650 4 |a PhotoModeler  |2 eng 
650 4 |a internal orientation parameters  |2 eng 
650 4 |a image stabilization  |2 eng 
650 4 |a camera calibration  |2 eng 
650 4 |a SONY alpha 7R III camera  |2 eng 
650 4 |a 5-axis stabilization  |2 eng 
700 1 |a Marčiš, Marián  |u 010140  |k Z1  |4 ths  |U SvF Stavebná fakulta  |T SvF Katedra geodézie  |X 51610  |U V140  |Y 14  |7 A000051610 
856 4 |u http://is.stuba.sk/zp/portal_zp.pl?podrobnosti=170355 
856 4 |u https://opac.crzp.sk/?fn=detailBiblioForm&sid=C0DEB8E07572332BAC220815805F